<?xml version="1.0" encoding="UTF-8"?>
<record
    xmlns:xsi="http://www.w3.org/2001/XMLSchema-instance"
    xsi:schemaLocation="http://www.loc.gov/MARC21/slim http://www.loc.gov/standards/marcxml/schema/MARC21slim.xsd"
    xmlns="http://www.loc.gov/MARC21/slim">

  <leader>00553nam a22001937a 4500</leader>
  <datafield tag="010" ind1=" " ind2=" ">
    <subfield code="a">068390</subfield>
  </datafield>
  <datafield tag="035" ind1=" " ind2=" ">
    <subfield code="a">068390</subfield>
  </datafield>
  <datafield tag="037" ind1=" " ind2=" ">
    <subfield code="b">Cen Lib / Ret</subfield>
  </datafield>
  <datafield tag="040" ind1=" " ind2=" ">
    <subfield code="a">DPL</subfield>
    <subfield code="b">En</subfield>
  </datafield>
  <datafield tag="082" ind1=" " ind2=" ">
    <subfield code="a">954.16</subfield>
    <subfield code="b">SEN</subfield>
  </datafield>
  <datafield tag="100" ind1=" " ind2=" ">
    <subfield code="a">Sen, Surendranath</subfield>
  </datafield>
  <datafield tag="245" ind1=" " ind2=" ">
    <subfield code="a">Deli and its mouments /</subfield>
    <subfield code="c">by Surendranath Sen</subfield>
  </datafield>
  <datafield tag="260" ind1=" " ind2=" ">
    <subfield code="a">Calcutta</subfield>
    <subfield code="b"> A. Mukherjee</subfield>
    <subfield code="c">1954</subfield>
  </datafield>
  <datafield tag="270" ind1=" " ind2=" ">
    <subfield code="a">A. R. Mukherjee 2, College Square </subfield>
    <subfield code="b">Calcutta</subfield>
  </datafield>
  <datafield tag="300" ind1=" " ind2=" ">
    <subfield code="a">47p ; </subfield>
    <subfield code="c">24cm(Hb)</subfield>
  </datafield>
  <datafield tag="650" ind1=" " ind2=" ">
    <subfield code="a">Delhi (India) -- Antiquities.</subfield>
  </datafield>
  <datafield tag="650" ind1=" " ind2=" ">
    <subfield code="a">Antiquities.</subfield>
  </datafield>
  <datafield tag="942" ind1=" " ind2=" ">
    <subfield code="2">ddc</subfield>
    <subfield code="c">EN</subfield>
    <subfield code="h">954.16</subfield>
    <subfield code="m">SEN</subfield>
  </datafield>
  <datafield tag="999" ind1=" " ind2=" ">
    <subfield code="c">137093</subfield>
    <subfield code="d">137093</subfield>
  </datafield>
  <datafield tag="952" ind1=" " ind2=" ">
    <subfield code="0">0</subfield>
    <subfield code="1">0</subfield>
    <subfield code="4">0</subfield>
    <subfield code="7">0</subfield>
    <subfield code="a">L</subfield>
    <subfield code="b">L</subfield>
    <subfield code="d">2016-03-16</subfield>
    <subfield code="e">Cen Lib/Ret</subfield>
    <subfield code="l">0</subfield>
    <subfield code="o">954.16 SEN</subfield>
    <subfield code="p">068390</subfield>
    <subfield code="r">2016-03-16 00:00:00</subfield>
    <subfield code="t">1</subfield>
    <subfield code="w">2016-03-16</subfield>
    <subfield code="y">EN</subfield>
  </datafield>
</record>
